1478 1366 1902 1850 1563 1232 1506 1449 1369 1729 1851 1093 1199 1631 1014 1044 1985 1630 1174 1834 1493 1849 1204 1771 1238 1392 1366 1362 1259 1480 1273 1766 1936 1143 1874 1848 1042 1366 1994 1820 1636 1321 1698 1567 1677 1230 1572 1207 1391 1618 1327 1632 1162 1617 1135 1388 1649 1775 1393 1303 1388 1019 1529 1468 1577 1184 1552 1274 1816 1870 1328 1723 1968 1323 1839 1431 1159 1187 1678 1608 1742 1159 1610 1008 1325 1376 1136 1629 1597 1466 1579 1662 1348 1426 1505 1281 1827 1541 1875 BCNSPRNW ULIB Ver.6.0+V

เปลี่ยนเป็นภาษาไทย

Change to English
 แสดงรายละเอียดบรรณานุกรม
  กลับหน้าหลัก

Brief Record : Get Marc (ISO 2709) : E-mail record : QR code < ปิดหน้าต่าง
LEADER : 00000nam 2200000uu 4500
001    13399126101
003     ULIB
008    020711s2018 th a 000 0 eng d
020    ^a9780323399166
060    ^aQV4^bM129P
100    ^aLinda E. McCuistion, Kathleen Vuljon-DiMaggio, Mary B. Winton and Jennifer J. Yeager.
245    ^aPharmacology : A Patient-Centered Nursing Process Approach/^cLinda E. McCuistion, Kathleen Vuljon-DiMaggio, Mary B. Winton and Jennifer J. Yeager
250    ^a9th ed
260    ^aLouis, Missouri :^bElsevier Limited,^c2018
300    ^a918 pages;^b30 cm
650    ^aPhramacological Phenomena
650    ^aPhramaceutical Preparation
650    ^aDrug Therapy
945    ^p3204^l0^i004124
999    ^aวรรณษา ชูชัยมงคล
รายการนี้ยังไม่มีแท็ก
คุณยังไม่ได้ล็อกอิน คุณสามารถมีกิจกรรมร่วมกับเว็บไซต์ได้ แต่ต้องล็อกอินก่อน ::
  ล็อกอิน

รายการสื่อสารสนเทศ

ลำดับที่ ประเภท เลขเรียก/บาร์โค้ด สถานที่ สถานะ
1. วิทยาศาสตร์การแพทย์ และสุขภาพ
หนังสือสำรอง
สถานะ=หนังสือสำรอง
QV4 M129P ฉ.1 
  Barcode: 004124
ห้องสมุดวิทยาเขตสวรรค์ประชารักษ์
►หนังสือทั่วไป
บนชั้น

รายการใกล้เคียง
    ผู้แต่ง [Linda E. McCuistion, Kathleen Vuljon-DiMaggio, Mary B. Winton and Jennifer J. Yeager.]

    หัวเรื่อง [Phramacological Phenomena]
    หัวเรื่อง [Phramaceutical Preparation]
    หัวเรื่อง [Drug Therapy]

BibComment


ยังไม่เคยถูกคอมเมนท์

คอมเมนท์ทรัพยากรรายการนี้
  คอมเมนท์: Pharmacology A ..


 Copyright 2026. Bcnsprnw @Library